International Rubber Conference IRC 2018: Natural rubber industry-An Asset for socio-economic development and preservation of the environment, 22-24 October 2018, Hotel Ivoire, IRRDB Malaysia Material type: Text (Record no. 75541)

MARC details
000 -LEADER
fixed length control field 00481nam a22001217a 4500
082 ## - DEWEY DECIMAL CLASSIFICATION NUMBER
Classification number NR:063RT2018 IRC
Item number IRC
245 ## - TITLE STATEMENT
Title International Rubber Conference IRC 2018: Natural rubber industry-An Asset for socio-economic development and preservation of the environment, 22-24 October 2018, Hotel Ivoire, IRRDB Malaysia Material type: Text
260 ## - PUBLICATION, DISTRIBUTION, ETC. (IMPRINT)
Place of publication Malaysia
Name of publisher IRRDB
Year of publication 2018
300 ## - PHYSICAL DESCRIPTION
Number of Pages 108p.
500 ## - GENERAL NOTE
General note Abstracts only
505 ## - FORMATTED CONTENTS NOTE
Formatted contents note only relevant pages are included
942 ## - ADDED ENTRY ELEMENTS (KOHA)
Koha item type Books
Holdings
Withdrawn status Lost status Damaged status Not for loan Home library Current library Date acquired Accession Number Koha item type
        RRII Library RRII Library 04/07/2025 G01561 Books